The influence of the navagrahas / (Record no. 20212)

MARC details
000 -LEADER
fixed length control field 00742nam a22002057a 4500
008 - FIXED-LENGTH DATA ELEMENTS--GENERAL INFORMATION
fixed length control field 081223t xxu||||| |||| 00| 0 eng d
010 ## - LCCN (DPL NO)
LC control number ENG-92298
020 ## - INTERNATIONAL STANDARD BOOK NUMBER
Terms of availability 60.00
035 ## - SYSTEM CONTROL NUMBER
System control number EN-75831
037 ## - SOURCE OF ACQUISITION
Source of stock number/acquisition DBAD / PUB
040 ## - CATALOGING SOURCE
Original cataloging agency dpl
Language of cataloging English
082 ## - DEWEY DECIMAL CLASSIFICATION NUMBER
Classification number 133.53
245 ## - TITLE STATEMENT
Title The influence of the navagrahas /
Statement of responsibility, etc compiled by S.K. Palanisami
260 ## - PUBLICATION, DISTRIBUTION, ETC. (IMPRINT)
Place of publication, distribution, etc Coimbatore
Name of publisher, distributor, etc Sri Lalitha Books
Date of publication, distribution, etc 2002
300 ## - PHYSICAL DESCRIPTION
Extent 155p.
Dimensions 20cm (pbk)
Other physical details col. photos
650 ## - SUBJECT ADDED ENTRY--TOPICAL TERM
Topical term or geographic name as entry element Astrology, Indic
700 ## - ADDED ENTRY--PERSONAL NAME
Personal name Palanisami, S.K.
942 ## - ADDED ENTRY ELEMENTS (KOHA)
Source of classification or shelving scheme Dewey Decimal Classification
Item type English Books
Call number suffix INF
Classification part 133.53
Holdings
Withdrawn status Lost status Source of classification or shelving scheme Damaged status Not for loan Collection code Home library Current library Date acquired Source of acquisition Cost, normal purchase price Total Checkouts Full call number Barcode Date last seen Copy number Cost, replacement price Koha item type
    Dewey Decimal Classification   Not For Loan Non-fiction D.B.Act.Division D.B.Act.Division 01/01/2009 DBAD / PUB 60.00   133.53 INF EN-75831 23/12/2008 1 60.00 English Books

© Delhi Public Library
Hit Counter
free hit counter